000 00347pab a2200145 454500
008 180718b2001 xxu||||| |||| 00| 0 eng d
100 _aReddy, Y.V.
245 _aFiscal transparency and beyond
260 _c2001
300 _ap.905-25
362 _aAug
650 _aFiscal policy
773 _aReserve Bank of India Bulletin
909 _a49799
999 _c49799
_d49799